Medios de comunicacion: cine-la produccion cinematografica (Record n. 67065)
[ formato base ]
| 000 -LEADER | |
|---|---|
| fixed length control field | 01149nam a2200301Ia 4500 |
| 001 - CONTROL NUMBER | |
| control field | 79285 |
| 003 - CONTROL NUMBER IDENTIFIER | |
| control field | IT-RoPAU |
| 008 - FIXED-LENGTH DATA ELEMENTS--GENERAL INFORMATION | |
| fixed length control field | 130308s9999 xx 000 0 und d |
| 040 ## - CATALOGING SOURCE | |
| Original cataloging agency | IT-RoPAU |
| 040 ## - CATALOGING SOURCE | |
| Transcribing agency | IT-RoPAU |
| 041 ## - LANGUAGE CODE | |
| Language code of text/sound track or separate title | SPAGNOLO |
| 999 ## - SYSTEM CONTROL NUMBERS (KOHA) | |
| Koha Dewey Subclass [OBSOLETE] | SI |
| 100 ## - MAIN ENTRY--PERSONAL NAME | |
| Personal name | Gil De Muro Eduardo |
| 100 ## - MAIN ENTRY--PERSONAL NAME | |
| Miscellaneous information | Codice Aut. SPICS: 6071 |
| 245 ## - TITLE STATEMENT | |
| Title | Medios de comunicacion: cine-la produccion cinematografica |
| 245 ## - TITLE STATEMENT | |
| Remainder of title | Medios de comunicacion: cine-la produccion Cinematografica |
| 250 ## - EDITION STATEMENT | |
| Edition statement | 1a ed. |
| 260 ## - PUBLICATION, DISTRIBUTION, ETC. (IMPRINT) | |
| Place of publication, distribution, etc. | MADRID |
| 260 ## - PUBLICATION, DISTRIBUTION, ETC. (IMPRINT) | |
| Name of publisher, distributor, etc. | Ediciones Paulinas |
| 260 ## - PUBLICATION, DISTRIBUTION, ETC. (IMPRINT) | |
| Date of publication, distribution, etc. | 1974 [1° Ed.:1974 - Ed.Ling.Originale:1974] |
| 300 ## - PHYSICAL DESCRIPTION | |
| Extent | "48 p. (prefazione: no ; testo: 48 [pagine: 0-0])" |
| 500 ## - GENERAL NOTE | |
| General note | Corso per Corrispondenza Sui mezzi di Comunicazione Cinema Produzione Cinematografica Cinema Come Industria Cammino lungo della Produzione Capitolo delle spese Situazione in Spagna produttori Persone Giuridiche produttori Persone fisiche capitale Coproduzioni Produzione Annuale Personale della Produzione |
| 650 ## - SUBJECT ADDED ENTRY--TOPICAL TERM | |
| Topical term or geographic name as entry element | TEORIA DELLA COMUNICAZIONE SOCIALE |
| 650 ## - SUBJECT ADDED ENTRY--TOPICAL TERM | |
| Relator term | Codice materia Spics: 3802 |
| 942 ## - ADDED ENTRY ELEMENTS (KOHA) | |
| Koha item type | LIBRO |
| 957 ## - | |
| -- | 1 |
| 999 ## - SYSTEM CONTROL NUMBERS (KOHA) | |
| -- | 2 |
| Withdrawn status | Lost status | Damaged status | Not for loan | Home library | Current library | Date acquired | Total Checkouts | Full call number | Date last seen | Price effective from | Koha item type | Public note |
|---|---|---|---|---|---|---|---|---|---|---|---|---|
| Buone Condizioni | Not For Loan | SPICS-MEDIATECA | SPICS-MEDIATECA | 08/03/2013 | 79285 | 08/03/2013 | 08/03/2013 | LIBRO | Progressivo inserimento: 11590 / N. Volumi: 1 Copie: 2 Copia Rara: SI / data import: 1 marzo 2013 - By Epidotti, Trombetti, Vaglietti. |